[Event "IECC P email"]
[Site "IECC email"]
[Date "1999.10.18"]
[Round "?"]
[White "Leperlier, Eric"]
[Black "Morris, John P"]
[Result "1-0"]
[WhiteElo "1025"]
[BlackElo "990"]
[PlyCount "63"]
[EventDate "1999.??.??"]
[EventType "tourn (corr)"]
[EventRounds "6"]
[SourceTitle "Corr 2008"]
[Source "ChessBase"]
[SourceDate "2008.06.24"]
[SourceVersion "1"]
[SourceVersionDate "2008.06.24"]
[SourceQuality "1"]

1. e4 e5 2. Nf3 Nc6 3. Nc3 Nf6 4. Bb5 Bb4 5. 0-0 d6 6. Nd5 0-0 7. Bxc6 Nxd5 8. Bxd5 c6 9. Bb3 Bg4 10. d4 Qd7 11. c3 Ba5 12. dxe5 Bc7 13. h3 Be6 14. Bxe6 Qxe6 15. exd6 Qxd6 16. Qxd6 Bxd6 17. e5 Bc7 18. Re1 Rfe8 19. Bf4 h6 20. Re3 Bb6 21. Nd4 c5 22. Nf5 Re6 23. Rg3 g6 24. Nxh6+ Kg7 25. Re1 c4 26. Ng4 Bc7 27. h4 Rh8 28. Nh6 Rhe8 29. Ng4 b5 30. Bh6+ Kh8 31. h5 Bxe5 32. Nxe5 1-0